Hauptstädte Afrikas - anhand der ersten beiden Buchstaben in 90 Sekunden - Statistiken

Allgemein
  • Dieses Quiz wurde 1.024 mal gespielt
    749 seit der letzten Aktualisierung
  • Das Durchschnittsergebnis liegt bei 32 aus 54
Antwortstatistiken
Hauptstadt % Korrekt
Ka
96%
Ka
96%
Al
80%
Ma
79%
Ma
79%
Ma
79%
Ba
77%
Ba
77%
Ba
77%
Mo
75%
Mo
75%
Mo
75%
Tu
75%
Ki
74%
Ki
74%
Pr
71%
Pr
71%
Ra
70%
Na
68%
An
66%
Lu
62%
Lu
62%
Ab
61%
Ac
61%
Li
60%
Li
60%
Da
58%
Tr
58%
As
57%
Ad
56%
Ni
53%
Ga
52%
Po
51%
Po
51%
Do
50%
Lo
50%
Sa
49%
Br
48%
Wi
47%
Ds
46%
Ha
46%
Ya
46%
Ya
46%
Ju
45%
Fr
44%
Kh
43%
Gi
42%
Bi
40%
Nd
39%
No
39%
Ou
39%
Vi
37%
Mb
32%
Co
24%
Keine übereinstimmenden Quizze gefunden
Verteilung der Resultate
Anzahl Personen mit jedem Resultat
Perzentil nach korrekt beantworteten Fragen
Ihre Resultats-Entwicklung
Sie haben dieses Quiz seit der letzten Aktualisierung nicht gespielt